000 01370nam0a22003011 4500
001 rc\4526476
005 20260407100549.0
021 _aRU
_b[63-83691]
035 _a(NLR Aleph) 008627333
090 _a8861044
_c8861044
100 _a20130416d1963 |||y0rusy50 ca
101 0 _arus
102 _aRU
105 _aa z |||||
200 1 _aПутеводитель по архитектурным памятникам Кирилло-Белозерского и Ферапонтова монастырей
_fКирилловский ист.-худож. музей
210 _aВологда
_cКн. изд-во
_d1963
215 _a64 с.
_cил.
_d20
300 _aПеред загл. авт.: С.С. Подъяпольский. На обл. авт. не указан
320 _aБиблиогр. в конце книги
606 _aХрамовая архитектура, древнерусская
_z14-17 вв.
_2psbo
606 _aАрхитектурные памятники
_yКириллов, город (Вологодская область)
_2psbo
701 1 _aПодъяпольский
_bС.С.
710 0 2 _aКирилловский историко-художественный музей
_3RU\NLR\AUTH\8810054802
_9610134
801 0 _aRU
_bNLR
_gpsbo
801 1 _aRU
_bELAR
_2rusmarc
852 _aNLR
_j63-4/17443
942 _cBOOK
980 _aNB